Featured Quizzes with the Easy Tag - Statistics

General Stats
  • This quiz has been taken 4 times
  • The average score is 15 of 28
Answer Stats
Answer % Correct
Easy general knowledge
100%
Easy general knowledge 2#
100%
Easy general knowledge 3#
100%
Easy general knowledge 5#
100%
7 deadly sins
67%
Easy general knowledge 4#
67%
Famous duos
67%
Famous duos 2#
67%
Planets of the Solar System
67%
Sayings about animals
67%
Sayings about animals 2#
67%
Sayings about animals 3#
67%
Sayings about animals 4#
67%
American geography for dummies
33%
Animal sounds
33%
British history for dummies
33%
Chess Pieces (with board and pictures!)
33%
Easy U.S. General Knowledge
33%
Fruits: no vowels
33%
General knowledge for dummies
33%
Geography for dummies
33%
Name the seven dwarves
33%
Santa’s Reindeer
33%
seven continents
33%
Seven continents map quiz
33%
U.S. history for dummies
33%
World history for dummies
33%
WWII for dummies
33%
No matching quizzes found
Score Distribution
Percent of People with Each Score
Percentile by Number Answered
Your Score History
You have not taken this quiz